Prírodoveda pre tretí ročník základnej školy 2. časť

Bibliographic Details
Main Authors: Nový, Stanislav (Author), Kvasničková, Danuše, 1935- (Author), Rojko, Milan, 1934-2014 (Author), Vališ, Jaroslav (Author), Pumpr, Václav (Author)
Other Authors: Korček, Imrich (Translator)
Format: Book
Language:Slovak
Czech
PhysicalDescription:96 s. 24 cm
Published: Bratislava Slovenské pedagogické nakladateľstvo 1979
Edition:2. nezm. vyd.
Subjects:

MARC

LEADER 00000nam a2200000 a 4500
001 vtls001107386
003 SK-MaSNL
005 20260301051836.0
008 210928s1979 xo 0 slo
015 |a SNBA1980 
035 |a SNK000050228 
040 |a SNK  |b slo  |c SNK  |e AACR2 
041 1 |a slo  |h cze 
044 |a xo  |c SK 
080 |a 372.850.22(075.2)  |2 1981 
245 0 0 |a Prírodoveda pre tretí ročník základnej školy  |n 2. časť  |c Stanislav Nový, Danuše Kvasničková, Milan Rojko, Jaroslav Vališ, Václav Pumpr ; preložil Imrich Korček 
250 |a 2. nezm. vyd. 
260 |a Bratislava  |b Slovenské pedagogické nakladateľstvo  |c 1979  |e Martin  |f Tlačiarne SNP 
300 |a 96 s.  |c 24 cm 
366 |e 119890 výtl. 
650 0 7 |a prírodoveda  |2 SNKPH  |9 3960 
655 7 |a učebnice základných škôl  |2 SNKPH  |9 70187 
700 1 |a Nový, Stanislav  |4 aut  |9 60546 
700 1 |a Kvasničková, Danuše,  |d 1935-  |4 aut  |9 236074 
700 1 |a Rojko, Milan,  |d 1934-2014  |4 aut  |9 46572 
700 1 |a Vališ, Jaroslav  |4 aut  |9 322843 
700 1 |a Pumpr, Václav  |4 aut  |9 236877 
700 1 |a Korček, Imrich  |4 trl  |9 280014 
958 |a CZ 
958 |a UX 
958 |a TL 
958 |a OP 
958 |a OND 
999 |c 604413  |d 606343 
952 |a SNK  |b SNK  |y PREZ  |7 0  |p 17A0791931  |o snkSC 45710/2   |0 0  |1 0  |4 0  |d 2012-07-31  |l 0  |r 2025-10-27 00:00:00  |w 2026-02-23 
952 |t P60, <04>, [BOOK], {604}  |a SNK  |b SNK  |y VYP  |7 0  |p 17A0175091  |o snkSC 45710/2 D1  |0 0  |1 0  |4 0  |d 1999-01-04  |l 0  |r 2004-12-31 00:00:00  |w 2026-02-23